000 00286nam a2200109Ia 4500
008 190907s9999||||xx |||||||||||||| ||und||
100 _aConger,SUE A.
245 0 _aPlanning and Designing effective Web Sites
260 _aNew York
_bPrentice Hall Inc.
_c1998
300 _a184
942 _cBK
999 _c6464
_d6464